[Event "Deutsche Ländermeisterschaft 2024"]
[Site "Tübingen GER"]
[Date "2024.10.06"]
[Round "7"]
[White "Lutz, Ruben"]
[Black "Haubold, Sebastian"]
[Result "1/2-1/2"]
[Termination "normal"]
[Board "4.1"]
[WhiteTitle "FM"]
[WhiteElo "2270"]
[BlackElo "2030"]
[WhiteClock "00:26:48"]
[BlackClock "00:24:44"]
[WhiteTeam "Sachsen"]
[BlackTeam "Sachsen-Anhalt"]
[PlyCount "84"]
[WhiteFideId "12975974"]
[BlackFideId "16259637"]
[EventCountry "GER"]
[EventRounds "7"]
[EventType "team-swiss"]
[EventDate "2024.10.02"]

1. d4 {[%clk 01:30:58]} Nf6 {[%clk 01:30:34]} {[%emt 00:00:27]} 2. Nf3 {[%clk
01:31:18]} {[%emt 00:00:10]} g6 {[%clk 01:30:49]} {[%emt 00:00:15]} 3. c4
{[%clk 01:31:17]} {[%emt 00:00:31]} Bg7 {[%clk 01:31:01]} {[%emt 00:00:19]} 4.
g3 {[%clk 01:31:42]} {[%emt 00:00:05]} O-O {[%clk 01:31:07]} {[%emt 00:00:25]}
5. Bg2 {[%clk 01:31:40]} {[%emt 00:00:32]} d6 {[%clk 01:31:12]} {[%emt
00:00:25]} 6. Nc3 {[%clk 01:31:58]} {[%emt 00:00:12]} Nc6 {[%clk 01:30:58]}
{[%emt 00:00:45]} 7. O-O {[%clk 01:32:18]} {[%emt 00:00:09]} a6 {[%clk
01:31:22]} {[%emt 00:00:06]} 8. b3 {[%clk 01:32:43]} {[%emt 00:00:06]} Rb8
{[%clk 01:30:33]} {[%emt 00:01:19]} 9. Nd5 {[%clk 01:33:03]} {[%emt 00:00:09]}
b5 {[%clk 01:19:06]} {[%emt 00:11:57]} 10. Nxf6+ {[%clk 01:33:26]} {[%emt
00:00:07]} Bxf6 {[%clk 01:19:00]} {[%emt 00:00:36]} 11. Bh6 {[%clk 01:33:49]}
{[%emt 00:00:07]} Re8 {[%clk 01:16:29]} {[%emt 00:03:01]} 12. Rc1 {[%clk
01:34:13]} {[%emt 00:00:06]} Bb7 {[%clk 01:08:14]} {[%emt 00:08:45]} 13. Qd2
{[%clk 01:17:29]} {[%emt 00:17:15]} e5 {[%clk 00:57:44]} {[%emt 00:10:59]} 14.
d5 {[%clk 00:54:22]} {[%emt 00:23:37]} Nd4 {[%clk 00:52:38]} {[%emt 00:05:36]}
15. Nxd4 {[%clk 00:54:45]} {[%emt 00:00:06]} exd4 {[%clk 00:53:05]} {[%emt
00:00:04]} 16. e3 {[%clk 00:55:09]} {[%emt 00:00:07]} bxc4 {[%clk 00:43:37]}
{[%emt 00:09:58]} 17. Rxc4 {[%clk 00:52:39]} {[%emt 00:02:59]} Re5 {[%clk
00:27:12]} {[%emt 00:16:55]} 18. e4 {[%clk 00:41:50]} {[%emt 00:11:20]} Re7
{[%clk 00:21:09]} {[%emt 00:06:33]} 19. Bg5 {[%clk 00:40:01]} {[%emt 00:02:19]}
Bxg5 {[%clk 00:21:32]} {[%emt 00:00:06]} 20. Qxg5 {[%clk 00:40:28]} {[%emt
00:00:03]} d3 {[%clk 00:21:56]} {[%emt 00:00:06]} 21. Rfc1 {[%clk 00:17:56]}
{[%emt 00:23:02]} a5 {[%clk 00:16:40]} {[%emt 00:05:46]} 22. Bf1 {[%clk
00:12:04]} {[%emt 00:06:22]} Ba6 {[%clk 00:16:41]} {[%emt 00:00:30]} 23. Ra4
{[%clk 00:07:13]} {[%emt 00:05:21]} Qe8 {[%clk 00:10:31]} {[%emt 00:06:39]} 24.
Rxa5 {[%clk 00:02:14]} {[%emt 00:05:29]} Rb6 {[%clk 00:10:14]} {[%emt
00:00:47]} 25. Qd2 {[%clk 00:00:57]} {[%emt 00:01:47]} Rxe4 {[%clk 00:09:34]}
{[%emt 00:01:10]} 26. Rxa6 {[%clk 00:01:05]} {[%emt 00:00:22]} Rxa6 {[%clk
00:09:53]} {[%emt 00:00:11]} 27. Bxd3 {[%clk 00:01:32]} {[%emt 00:00:03]} Rd4
{[%clk 00:06:50]} {[%emt 00:03:33]} 28. Qc3 {[%clk 00:01:58]} {[%emt 00:00:04]}
Rxd3 {[%clk 00:06:55]} {[%emt 00:00:25]} 29. Qxd3 {[%clk 00:02:25]} {[%emt
00:00:03]} Rxa2 {[%clk 00:07:22]} {[%emt 00:00:03]} 30. Qd4 {[%clk 00:01:33]}
{[%emt 00:01:22]} Qe7 {[%clk 00:06:56]} {[%emt 00:00:55]} 31. Kg2 {[%clk
00:01:33]} {[%emt 00:00:30]} h5 {[%clk 00:05:40]} {[%emt 00:01:46]} 32. Rc3
{[%clk 00:01:22]} {[%emt 00:00:40]} Re2 {[%clk 00:04:44]} {[%emt 00:01:27]} 33.
h4 {[%clk 00:01:25]} {[%emt 00:00:28]} Qe4+ {[%clk 00:01:33]} {[%emt 00:03:40]}
34. Qxe4 {[%clk 00:01:50]} {[%emt 00:00:05]} Rxe4 {[%clk 00:02:01]} {[%emt
00:00:02]} 35. Rxc7 {[%clk 00:01:32]} {[%emt 00:00:48]} Rd4 {[%clk 00:02:27]}
{[%emt 00:00:04]} 36. Kf3 {[%clk 00:01:01]} {[%emt 00:01:01]} Rxd5 {[%clk
00:02:46]} {[%emt 00:00:11]} 37. Ke4 {[%clk 00:00:55]} {[%emt 00:00:36]} Rb5
{[%clk 00:02:39]} {[%emt 00:00:36]} 38. Rc3 {[%clk 00:01:08]} {[%emt 00:00:18]}
Kf8 {[%clk 00:02:08]} {[%emt 00:01:01]} 39. Kd4 {[%clk 00:01:28]} {[%emt
00:00:11]} Ke7 {[%clk 00:01:29]} {[%emt 00:01:08]} 40. Re3+ {[%clk 00:01:25]}
{[%emt 00:00:32]} Kd7 {[%clk 00:01:14]} {[%emt 00:00:45]} 41. Kc4 {[%clk
00:26:47]} {[%emt 00:05:08]} Rf5 {[%clk 00:27:53]} {[%emt 00:03:51]} 42. Re2
{[%clk 00:26:48]} {[%emt 00:00:30]} f6 {[%clk 00:24:44]} {[%emt 00:03:39]}
1/2-1/2

[Event "Deutsche Ländermeisterschaft 2024"]
[Site "Tübingen GER"]
[Date "2024.10.06"]
[Round "7"]
[White "Haubold, Christian"]
[Black "Heinrich, John"]
[Result "1-0"]
[Termination "normal"]
[Board "4.2"]
[BlackTitle "FM"]
[WhiteElo "2084"]
[BlackElo "2237"]
[WhiteClock "00:20:49"]
[BlackClock "00:28:09"]
[WhiteTeam "Sachsen-Anhalt"]
[BlackTeam "Sachsen"]
[PlyCount "83"]
[WhiteFideId "16259629"]
[BlackFideId "16259491"]
[EventCountry "GER"]
[EventRounds "7"]
[EventType "team-swiss"]
[EventDate "2024.10.02"]

1. e4 {[%clk 01:30:57]} c5 {[%clk 01:30:05]} {[%emt 00:00:45]} 2. Nf3 {[%clk
01:31:17]} d6 {[%clk 01:30:29]} {[%emt 00:00:27]} 3. d4 {[%clk 01:31:42]}
{[%emt 00:00:05]} cxd4 {[%clk 01:30:38]} {[%emt 00:00:21]} 4. Nxd4 {[%clk
01:32:07]} {[%emt 00:00:06]} Nf6 {[%clk 01:31:01]} {[%emt 00:00:08]} 5. Nc3
{[%clk 01:32:33]} {[%emt 00:00:04]} a6 {[%clk 01:31:26]} {[%emt 00:00:05]} 6.
Be3 {[%clk 01:32:57]} {[%emt 00:00:06]} Ng4 {[%clk 01:31:51]} {[%emt 00:00:05]}
7. Bg5 {[%clk 01:31:58]} {[%emt 00:01:29]} h6 {[%clk 01:32:16]} {[%emt
00:00:06]} 8. Bh4 {[%clk 01:31:19]} {[%emt 00:01:09]} g5 {[%clk 01:32:41]}
{[%emt 00:00:05]} 9. Bg3 {[%clk 01:31:40]} {[%emt 00:00:08]} Bg7 {[%clk
01:33:06]} {[%emt 00:00:04]} 10. h3 {[%clk 01:09:10]} {[%emt 00:23:00]} Nf6
{[%clk 01:32:29]} {[%emt 00:01:08]} 11. Be2 {[%clk 00:53:45]} {[%emt 00:15:55]}
O-O {[%clk 01:30:30]} {[%emt 00:02:28]} 12. O-O {[%clk 00:49:32]} {[%emt
00:04:44]} Qb6 {[%clk 01:25:40]} {[%emt 00:05:19]} 13. Nb3 {[%clk 00:44:50]}
{[%emt 00:05:12]} Nc6 {[%clk 01:25:14]} {[%emt 00:00:55]} 14. Kh1 {[%clk
00:38:46]} {[%emt 00:06:35]} Ne5 {[%clk 01:22:22]} {[%emt 00:03:20]} 15. f4
{[%clk 00:37:00]} {[%emt 00:02:18]} gxf4 {[%clk 01:22:41]} {[%emt 00:00:11]}
16. Bxf4 {[%clk 00:37:23]} {[%emt 00:00:07]} Ng6 {[%clk 01:19:36]} {[%emt
00:03:34]} 17. Qd2 {[%clk 00:35:09]} {[%emt 00:02:45]} Kh7 {[%clk 01:12:48]}
{[%emt 00:07:17]} 18. Be3 {[%clk 00:29:55]} {[%emt 00:05:45]} Qc7 {[%clk
01:08:10]} {[%emt 00:05:08]} 19. a4 {[%clk 00:26:59]} {[%emt 00:03:26]} Bd7
{[%clk 01:02:52]} {[%emt 00:05:47]} 20. Nd4 {[%clk 00:18:45]} {[%emt 00:08:44]}
e6 {[%clk 01:02:50]} {[%emt 00:00:32]} 21. Rf2 {[%clk 00:15:14]} {[%emt
00:04:01]} Bc6 {[%clk 01:00:43]} {[%emt 00:02:37]} 22. Nxc6 {[%clk 00:11:45]}
{[%emt 00:03:59]} bxc6 {[%clk 01:01:10]} {[%emt 00:00:03]} 23. Raf1 {[%clk
00:11:17]} {[%emt 00:00:58]} Qe7 {[%clk 01:01:30]} {[%emt 00:00:10]} 24. Bd4
{[%clk 00:09:14]} {[%emt 00:02:33]} Nd7 {[%clk 01:01:16]} {[%emt 00:00:44]} 25.
Bh5 {[%clk 00:07:20]} {[%emt 00:02:24]} Nde5 {[%clk 00:59:51]} {[%emt
00:01:54]} 26. b3 {[%clk 00:06:19]} {[%emt 00:01:33]} Rab8 {[%emt 00:04:38]}
27. Ne2 {[%clk 00:05:06]} {[%emt 00:01:40]} c5 {[%clk 00:44:55]} {[%emt
00:11:20]} 28. Bc3 {[%clk 00:04:58]} {[%emt 00:00:39]} Rbd8 {[%clk 00:31:14]}
{[%emt 00:14:11]} 29. Qe3 {[%clk 00:04:35]} {[%emt 00:00:53]} Kg8 {[%clk
00:29:26]} {[%emt 00:02:16]} 30. Ba5 {[%clk 00:03:08]} {[%emt 00:01:58]} Rd7
{[%clk 00:29:44]} {[%emt 00:00:13]} 31. Nf4 {[%clk 00:03:19]} {[%emt 00:00:20]}
Qg5 {[%clk 00:29:26]} {[%emt 00:00:47]} 32. Qe2 {[%clk 00:03:37]} {[%emt
00:00:13]} Nxf4 {[%clk 00:26:23]} {[%emt 00:03:32]} 33. Rxf4 {[%clk 00:04:01]}
{[%emt 00:00:06]} d5 {[%clk 00:17:50]} {[%emt 00:09:03]} 34. exd5 {[%clk
00:03:08]} {[%emt 00:01:22]} Rxd5 {[%clk 00:18:01]} {[%emt 00:00:19]} 35. Bc3
{[%clk 00:02:57]} {[%emt 00:00:41]} c4 {[%clk 00:11:41]} {[%emt 00:06:51]} 36.
bxc4 {[%clk 00:02:12]} {[%emt 00:01:15]} Rc5 {[%clk 00:10:55]} {[%emt
00:01:15]} 37. Bb4 {[%clk 00:02:18]} {[%emt 00:00:24]} Rc7 {[%clk 00:06:32]}
{[%emt 00:04:53]} 38. Bxf8 {[%clk 00:02:37]} {[%emt 00:00:12]} Kxf8 {[%clk
00:06:55]} {[%emt 00:00:07]} 39. c5 {[%clk 00:02:06]} {[%emt 00:01:01]} Kg8
{[%clk 00:04:06]} {[%emt 00:03:19]} 40. c6 {[%clk 00:01:25]} {[%emt 00:01:11]}
a5 {[%clk 00:00:48]} {[%emt 00:03:48]} 41. Bxf7+ {[%clk 00:25:40]} {[%emt
00:06:15]} Kh8 {[%clk 00:28:09]} {[%emt 00:03:08]} 42. Bxe6 {[%clk 00:20:49]}
{[%emt 00:05:22]} 1-0

[Event "Deutsche Ländermeisterschaft 2024"]
[Site "Tübingen GER"]
[Date "2024.10.06"]
[Round "7"]
[White "Fruth, David"]
[Black "Udelnov, Valentin"]
[Result "1/2-1/2"]
[Termination "normal"]
[Board "4.3"]
[WhiteElo "1966"]
[BlackElo "2045"]
[WhiteClock "00:16:43"]
[BlackClock "00:01:17"]
[WhiteTeam "Sachsen"]
[BlackTeam "Sachsen-Anhalt"]
[PlyCount "132"]
[WhiteFideId "16257596"]
[BlackFideId "16265734"]
[EventCountry "GER"]
[EventRounds "7"]
[EventType "team-swiss"]
[EventDate "2024.10.02"]

1. e4 {[%clk 01:30:36]} {[%emt 00:00:24]} e5 {[%clk 01:30:56]} {[%emt
00:00:04]} 2. Nf3 {[%clk 01:31:03]} {[%emt 00:00:04]} Nc6 {[%clk 01:31:23]}
{[%emt 00:00:03]} 3. Bb5 {[%clk 01:31:29]} {[%emt 00:00:04]} a6 {[%clk
01:31:46]} {[%emt 00:00:06]} 4. Ba4 {[%clk 01:31:53]} {[%emt 00:00:07]} d6
{[%clk 01:31:54]} {[%emt 00:00:22]} 5. O-O {[%clk 01:32:04]} {[%emt 00:00:19]}
Bd7 {[%clk 01:32:16]} {[%emt 00:00:07]} 6. c3 {[%clk 01:32:20]} {[%emt
00:00:16]} g6 {[%clk 01:32:08]} {[%emt 00:00:38]} 7. d4 {[%clk 01:32:31]}
{[%emt 00:00:19]} Bg7 {[%clk 01:32:29]} {[%emt 00:00:09]} 8. h3 {[%clk
01:26:32]} {[%emt 00:06:30]} Nf6 {[%clk 01:32:26]} {[%emt 00:00:32]} 9. Re1
{[%clk 01:24:22]} {[%emt 00:02:41]} O-O {[%clk 01:32:47]} {[%emt 00:00:08]} 10.
Nbd2 {[%clk 01:22:53]} {[%emt 00:02:00]} Re8 {[%clk 01:32:02]} {[%emt
00:01:15]} 11. Bc2 {[%clk 01:20:59]} {[%emt 00:02:24]} b5 {[%clk 01:31:30]}
{[%emt 00:01:02]} 12. Nf1 {[%clk 01:21:09]} {[%emt 00:00:21]} Na5 {[%clk
01:30:24]} {[%emt 00:01:36]} 13. Ng3 {[%clk 01:17:51]} {[%emt 00:03:49]} c5
{[%clk 01:29:27]} {[%emt 00:01:26]} 14. Bg5 {[%clk 01:10:04]} {[%emt 00:08:17]}
h6 {[%clk 01:28:29]} {[%emt 00:01:28]} 15. Bxf6 {[%clk 01:03:18]} {[%emt
00:07:15]} Bxf6 {[%clk 01:28:45]} {[%emt 00:00:13]} 16. dxe5 {[%clk 01:03:24]}
{[%emt 00:00:24]} dxe5 {[%clk 01:26:36]} {[%emt 00:02:39]} 17. Qd2 {[%clk
00:58:35]} {[%emt 00:05:19]} Bg7 {[%clk 01:26:02]} {[%emt 00:01:04]} 18. Rad1
{[%clk 00:56:57]} {[%emt 00:02:08]} Bc6 {[%clk 01:22:51]} {[%emt 00:03:41]} 19.
Qe2 {[%clk 00:53:31]} {[%emt 00:03:57]} Qe7 {[%clk 01:18:42]} {[%emt 00:04:39]}
20. Nf1 {[%clk 00:51:05]} {[%emt 00:02:55]} Nc4 {[%clk 00:55:16]} {[%emt
00:23:55]} 21. Bb3 {[%clk 00:46:07]} {[%emt 00:05:28]} Nb6 {[%clk 00:55:14]}
{[%emt 00:00:32]} 22. c4 {[%clk 00:45:54]} {[%emt 00:00:44]} Rad8 {[%clk
00:49:39]} {[%emt 00:06:04]} 23. Qc2 {[%clk 00:43:42]} {[%emt 00:02:43]} b4
{[%clk 00:43:35]} {[%emt 00:06:34]} 24. Ne3 {[%clk 00:44:01]} {[%emt 00:00:11]}
Rc8 {[%clk 00:32:44]} {[%emt 00:11:21]} 25. Nd2 {[%clk 00:42:03]} {[%emt
00:02:28]} Qb7 {[%clk 00:27:22]} {[%emt 00:05:51]} 26. Nd5 {[%clk 00:41:31]}
{[%emt 00:01:02]} Nd7 {[%clk 00:27:40]} {[%emt 00:00:12]} 27. Nf1 {[%clk
00:41:25]} {[%emt 00:00:36]} Nf8 {[%clk 00:27:45]} {[%emt 00:00:25]} 28. Ba4
{[%clk 00:39:40]} {[%emt 00:02:15]} Ne6 {[%clk 00:27:56]} {[%emt 00:00:19]} 29.
Bxc6 {[%clk 00:39:51]} {[%emt 00:00:19]} Qxc6 {[%clk 00:28:24]} {[%emt
00:00:01]} 30. b3 {[%clk 00:39:12]} {[%emt 00:01:09]} Nd4 {[%clk 00:27:42]}
{[%emt 00:01:12]} 31. Qb1 {[%clk 00:36:51]} {[%emt 00:02:52]} a5 {[%clk
00:25:09]} {[%emt 00:03:03]} 32. Ng3 {[%clk 00:35:58]} {[%emt 00:01:22]} a4
{[%clk 00:23:40]} {[%emt 00:01:59]} 33. Ne2 {[%clk 00:35:51]} {[%emt 00:00:38]}
Ne6 {[%clk 00:24:05]} {[%emt 00:00:06]} 34. h4 {[%clk 00:33:38]} {[%emt
00:02:43]} h5 {[%clk 00:24:24]} {[%emt 00:00:11]} 35. Qd3 {[%clk 00:32:14]}
{[%emt 00:01:53]} Ra8 {[%clk 00:13:50]} {[%emt 00:11:03]} 36. Qf3 {[%clk
00:28:04]} {[%emt 00:04:41]} Ra7 {[%clk 00:12:28]} {[%emt 00:01:52]} 37. g4
{[%clk 00:28:07]} {[%emt 00:00:27]} hxg4 {[%clk 00:12:29]} {[%emt 00:00:29]}
38. Qxg4 {[%clk 00:28:35]} {[%emt 00:00:02]} Nf8 {[%clk 00:10:44]} {[%emt
00:02:15]} 39. Ng3 {[%clk 00:27:59]} {[%emt 00:01:06]} Qe6 {[%clk 00:09:52]}
{[%emt 00:01:22]} 40. Qf3 {[%clk 00:20:19]} {[%emt 00:08:10]} Qh3 {[%clk
00:04:06]} {[%emt 00:06:14]} 41. h5 {[%clk 00:18:18]} {[%emt 00:02:32]} Ne6
{[%clk 00:29:30]} {[%emt 00:05:07]} 42. Rd3 {[%clk 00:43:35]} {[%emt 00:05:12]}
Ng5 {[%clk 00:23:57]} {[%emt 00:06:03]} 43. Qg2 {[%clk 00:41:10]} {[%emt
00:02:55]} axb3 {[%clk 00:22:53]} {[%emt 00:01:35]} 44. axb3 {[%clk 00:40:18]}
{[%emt 00:01:22]} Ra2 {[%clk 00:20:55]} {[%emt 00:02:28]} 45. Rde3 {[%clk
00:38:56]} {[%emt 00:01:51]} Qg4 {[%clk 00:16:11]} {[%emt 00:05:14]} 46. hxg6
{[%clk 00:36:55]} {[%emt 00:02:31]} Nh3+ {[%clk 00:11:35]} {[%emt 00:05:05]}
47. Kh2 {[%clk 00:35:56]} {[%emt 00:01:30]} Rxf2 {[%clk 00:06:12]} {[%emt
00:05:53]} 48. gxf7+ {[%clk 00:36:17]} {[%emt 00:00:08]} Kxf7 {[%clk 00:06:36]}
{[%emt 00:00:06]} 49. Rf1 {[%clk 00:36:40]} {[%emt 00:00:07]} Rh8 {[%clk
00:04:15]} {[%emt 00:02:52]} 50. Qxf2+ {[%clk 00:33:25]} {[%emt 00:03:45]}
Nxf2+ {[%clk 00:04:28]} {[%emt 00:00:17]} 51. Kg2 {[%clk 00:31:58]} {[%emt
00:01:58]} Ke6 {[%clk 00:04:02]} {[%emt 00:00:55]} 52. Rxf2 {[%clk 00:31:38]}
{[%emt 00:00:50]} Qh3+ {[%clk 00:03:11]} {[%emt 00:01:22]} 53. Kg1 {[%clk
00:30:35]} {[%emt 00:01:32]} Bh6 {[%clk 00:01:26]} {[%emt 00:02:16]} 54. Rd3
{[%clk 00:29:54]} {[%emt 00:01:11]} Bf4 {[%clk 00:00:56]} {[%emt 00:00:59]} 55.
Rg2 {[%clk 00:20:48]} {[%emt 00:09:37]} Bxg3 {[%clk 00:00:56]} {[%emt
00:00:30]} 56. Nc7+ {[%clk 00:21:14]} {[%emt 00:00:03]} Ke7 {[%clk 00:00:50]}
{[%emt 00:00:37]} 57. Nd5+ {[%clk 00:21:38]} {[%emt 00:00:06]} Ke6 {[%clk
00:01:14]} {[%emt 00:00:07]} 58. Nc7+ {[%clk 00:22:03]} {[%emt 00:00:05]} Kf7
{[%clk 00:00:33]} {[%emt 00:01:11]} 59. Rdxg3 {[%clk 00:21:55]} {[%emt
00:00:38]} Qh1+ {[%clk 00:00:52]} {[%emt 00:00:11]} 60. Kf2 {[%clk 00:22:23]}
{[%emt 00:00:02]} Rh7 {[%clk 00:00:37]} {[%emt 00:00:45]} 61. Rf3+ {[%clk
00:22:35]} {[%emt 00:00:17]} Ke7 {[%clk 00:00:57]} {[%emt 00:00:11]} 62. Nd5+
{[%clk 00:22:55]} {[%emt 00:00:10]} Kd8 {[%clk 00:00:33]} {[%emt 00:00:54]} 63.
Rg8+ {[%clk 00:20:51]} {[%emt 00:02:35]} Kd7 {[%clk 00:01:00]} {[%emt
00:00:03]} 64. Nf6+ {[%clk 00:21:15]} {[%emt 00:00:06]} Ke7 {[%clk 00:00:41]}
{[%emt 00:00:49]} 65. Nxh7 {[%clk 00:19:17]} {[%emt 00:02:28]} Qxh7 {[%clk
00:01:05]} {[%emt 00:00:05]} 66. Rg4 {[%clk 00:16:43]} {[%emt 00:03:04]} Qh2+
{[%clk 00:01:17]} {[%emt 00:00:19]} 1/2-1/2